[Event "FICGS class C 000059 email"]
[Site "FICGS email"]
[Date "2008.10.12"]
[Round "1"]
[White "Blinchevsky, Alexander"]
[Black "Wu, Sheng"]
[Result "1/2-1/2"]
[WhiteElo "1800"]
[BlackElo "1922"]
[PlyCount "77"]
[EventDate "2008.??.??"]
[EventType "tourn (corr)"]
[EventRounds "1"]
[SourceTitle "Corr 2022"]
[Source "ChessBase"]
[SourceDate "2021.10.24"]
[SourceVersion "1"]
[SourceVersionDate "2021.10.24"]
[SourceQuality "1"]

1. d4 Nf6 2. c4 e6 3. Nf3 d5 4. Nc3 c6 5. e3 Nbd7 6. Bd3 dxc4 7. Bxc4 b5 8. Bd3 Bb7 9. 0-0 a6 10. e4 c5 11. e5 cxd4 12. Nxb5 Bxf3 13. Qxf3 Nd5 14. Nxd4 Nxe5 15. Qe2 Nxd3 16. Qxd3 Bd6 17. b3 0-0 18. Bb2 Qa5 19. Qe4 Rfe8 20. Rfd1 Rac8 21. a3 Be7 22. Rac1 Qb6 23. b4 Bf6 24. Ba1 h6 25. g3 Rf8 26. Qg4 Rfd8 27. Rxc8 Rxc8 28. Qe4 Qd6 29. Nb3 Bxa1 30. Rxa1 Rc3 31. Rc1 Qc6 32. Qe1 Qc4 33. Rxc3 Nxc3 34. Nc5 a5 35. Qe5 axb4 36. Qb8+ Kh7 37. Qxb4 Qxb4 38. axb4 Kg6 39. f4 1/2-1/2

[Event "FICGS class C 000059 email"]
[Site "FICGS email"]
[Date "2008.10.12"]
[Round "1"]
[White "Wu, Sheng"]
[Black "Carnemolla, Giampaolo"]
[Result "0-1"]
[WhiteElo "1922"]
[BlackElo "1826"]
[PlyCount "68"]
[EventDate "2008.??.??"]
[EventType "tourn (corr)"]
[EventRounds "1"]
[SourceTitle "Corr 2022"]
[Source "ChessBase"]
[SourceDate "2021.10.24"]
[SourceVersion "1"]
[SourceVersionDate "2021.10.24"]
[SourceQuality "1"]

1. d4 Nf6 2. c4 g6 3. Nf3 Bg7 4. Nc3 d5 5. cxd5 Nxd5 6. e4 Nxc3 7. bxc3 c5 8. Rb1 0-0 9. Be2 Nc6 10. d5 Bxc3+ 11. Bd2 Bxd2+ 12. Qxd2 Na5 13. h4 f6 14. h5 gxh5 15. Ne5 e6 16. Nc4 Nxc4 17. Bxc4 b5 18. Rxb5 Ba6 19. dxe6 Qxd2+ 20. Kxd2 Rfd8+ 21. Ke3 Rd4 22. Be2 Bxb5 23. Bxb5 Rb8 24. Bd7 Rd6 25. Rxh5 c4 26. Ra5 a6 27. Rd5 Rdb6 28. e5 f5 29. e7 Kf7 30. e8Q+ Rxe8 31. Bxe8+ Kxe8 32. Rc5 Rb5 33. Rxb5 axb5 34. a3 Ke7 0-1

[Event "FICGS class C 000059 email"]
[Site "FICGS email"]
[Date "2008.10.12"]
[Round "1"]
[White "Wu, Sheng"]
[Black "Riha, Josef"]
[Result "1/2-1/2"]
[WhiteElo "1922"]
[BlackElo "1953"]
[PlyCount "69"]
[EventDate "2008.??.??"]
[EventType "tourn (corr)"]
[EventRounds "1"]
[SourceTitle "Corr 2022"]
[Source "ChessBase"]
[SourceDate "2021.10.24"]
[SourceVersion "1"]
[SourceVersionDate "2021.10.24"]
[SourceQuality "1"]

1. d4 Nf6 2. c4 e6 3. Nf3 b6 4. g3 Ba6 5. b3 Bb4+ 6. Bd2 Be7 7. Bg2 c6 8. Bc3 d5 9. Nbd2 Nbd7 10. 0-0 0-0 11. Re1 c5 12. e4 dxe4 13. Nxe4 Bb7 14. Nfg5 cxd4 15. Bxd4 Qc7 16. Nxf6+ Bxf6 17. Bxb7 Qxb7 18. Ne4 Bxd4 19. Qxd4 Rad8 20. Rad1 Qa8 21. Qc3 Nb8 22. Rd6 Nc6 23. c5 Ne7 24. Red1 Nd5 25. Rxd8 Rxd8 26. Qc4 bxc5 27. Nxc5 h6 28. a3 Rc8 29. h3 a5 30. Qd4 Rc6 31. Rc1 Qf8 32. Rc2 Qe7 33. Qc4 Qd6 34. Kh2 Ne7 35. Qc3 1/2-1/2

[Event "FICGS rapid A 000051 email"]
[Site "FICGS email"]
[Date "2008.10.11"]
[Round "1"]
[White "Wu, Sheng"]
[Black "Boehme, Sebastian"]
[Result "1/2-1/2"]
[WhiteElo "1922"]
[BlackElo "2051"]
[PlyCount "55"]
[EventDate "2008.??.??"]
[EventType "tourn (rapid)"]
[EventRounds "6"]
[SourceTitle "Corr 2022"]
[Source "ChessBase"]
[SourceDate "2021.10.24"]
[SourceVersion "1"]
[SourceVersionDate "2021.10.24"]
[SourceQuality "1"]

1. d4 d5 2. c4 e6 3. Nf3 c6 4. e3 Nf6 5. Nc3 Nbd7 6. Bd3 dxc4 7. Bxc4 b5 8. Be2 Bb7 9. 0-0 a6 10. e4 c5 11. d5 exd5 12. e5 Ne4 13. Nxe4 dxe4 14. e6 fxe6 15. Ng5 Bd5 16. f3 e3 17. f4 Qf6 18. Bh5+ g6 19. Bf3 0-0-0 20. Bxe3 h6 21. Bxd5 exd5 22. Nf3 Re8 23. Bf2 Qc6 24. a4 b4 25. Rc1 Re4 26. Re1 Qe6 27. Qc2 Bd6 28. Nd4 1/2-1/2

[Event "FICGS rapid A 000051 email"]
[Site "FICGS email"]
[Date "2008.10.11"]
[Round "1"]
[White "Wu, Sheng"]
[Black "Riha, Josef"]
[Result "1/2-1/2"]
[WhiteElo "1922"]
[BlackElo "1953"]
[PlyCount "105"]
[EventDate "2008.??.??"]
[EventType "tourn (rapid)"]
[EventRounds "6"]
[SourceTitle "Corr 2022"]
[Source "ChessBase"]
[SourceDate "2021.10.24"]
[SourceVersion "1"]
[SourceVersionDate "2021.10.24"]
[SourceQuality "1"]

1. d4 Nf6 2. c4 e6 3. Nf3 Bb4+ 4. Bd2 Qe7 5. g3 Nc6 6. Nc3 Bxc3 7. Bxc3 Ne4 8. Rc1 0-0 9. Bg2 d6 10. d5 Nd8 11. 0-0 e5 12. c5 Nxc5 13. Nxe5 dxe5 14. Bb4 b6 15. d6 cxd6 16. Bxa8 Bh3 17. Bg2 Bxg2 18. Kxg2 Nc6 19. Bxc5 dxc5 20. Qd5 Nb4 21. Qc4 Nc6 22. Qe4 Qe6 23. Rcd1 Re8 24. Rd2 f5 25. Qd5 Qxd5+ 26. Rxd5 Kf7 27. Rfd1 g6 28. Rd7+ Re7 29. f3 Ke8 30. R7d6 Rc7 31. Re6+ Kf7 32. Rdd6 Na5 33. b3 c4 34. Rf6+ Kg7 35. bxc4 Nxc4 36. Rc6 Rd7 37. g4 e4 38. gxf5 exf3+ 39. exf3 Ne3+ 40. Kh3 Nxf5 41. Rfe6 Kh6 42. Rc3 Kg5 43. a4 Rd2 44. a5 bxa5 45. Ra3 Rd5 46. Ra6 Kf4 47. Rxa7 h5 48. R7xa5 Rxa5 49. Rxa5 Kxf3 50. Rb5 Ke4 51. Kg2 g5 52. Rb4+ Ke3 53. Rb7 1/2-1/2

[Event "FICGS rapid A 000051 email"]
[Site "FICGS email"]
[Date "2008.10.11"]
[Round "1"]
[White "Wu, Sheng"]
[Black "Vasquez, Fernando Jose Pinto"]
[Result "0-1"]
[WhiteElo "1922"]
[BlackElo "2073"]
[PlyCount "62"]
[EventDate "2008.??.??"]
[EventType "tourn (rapid)"]
[EventRounds "6"]
[SourceTitle "Corr 2022"]
[Source "ChessBase"]
[SourceDate "2021.10.24"]
[SourceVersion "1"]
[SourceVersionDate "2021.10.24"]
[SourceQuality "1"]

1. d4 d5 2. c4 dxc4 3. Nf3 Nf6 4. e3 Be6 5. Nc3 c6 6. Ng5 Bd5 7. e4 h6 8. exd5 hxg5 9. Bxc4 cxd5 10. Bb5+ Nc6 11. Bxg5 e6 12. 0-0 Rc8 13. Qd3 a6 14. Bxc6+ Rxc6 15. Rac1 Qb6 16. Bxf6 gxf6 17. Qe3 Bd6 18. g3 Kd7 19. Na4 Qb5 20. Rxc6 bxc6 21. Nc3 Qb4 22. Rc1 Rc8 23. Qd2 c5 24. dxc5 Rxc5 25. a3 Qb3 26. Ne2 Rb5 27. Rc2 e5 28. Nc1 Qf3 29. Rc3 Qe4 30. Re3 Qb1 31. b4 a5 0-1

[Event "FICGS rapid B 000091 email"]
[Site "FICGS email"]
[Date "2008.05.15"]
[Round "1"]
[White "Block, Benjamin"]
[Black "Wu, Sheng"]
[Result "1-0"]
[WhiteElo "1711"]
[BlackElo "1771"]
[PlyCount "113"]
[EventDate "2008.??.??"]
[EventType "tourn (rapid)"]
[EventRounds "6"]
[SourceTitle "Corr 2022"]
[Source "ChessBase"]
[SourceDate "2021.10.24"]
[SourceVersion "1"]
[SourceVersionDate "2021.10.24"]
[SourceQuality "1"]

1. e4 e5 2. Nf3 Nc6 3. Bb5 a6 4. Ba4 Nf6 5. 0-0 Be7 6. Re1 b5 7. Bb3 0-0 8. c3 d6 9. h3 Bb7 10. d4 Re8 11. Nbd2 Bf8 12. a4 h6 13. d5 Nb8 14. c4 bxc4 15. Nxc4 c6 16. dxc6 Bxc6 17. Bc2 Qc7 18. Bd2 Nbd7 19. Na5 Rab8 20. Nxc6 Qxc6 21. Bc3 Nc5 22. Qe2 a5 23. Nh4 d5 24. exd5 Nxd5 25. Qf3 Nb4 26. Be4 Nxe4 27. Rxe4 f6 28. Nf5 Kh8 29. Ne3 Rec8 30. Qg4 Rd8 31. Rc4 Qb6 32. Bxb4 Bxb4 33. Nf5 Bf8 34. Rac1 Rd2 35. Qg3 Rxb2 36. Qf3 Rb4 37. Kh2 Qe6 38. Rc6 Qe8 39. Qg3 Rf4 40. Ne3 Rxa4 41. Rc7 Qe6 42. R1c6 Qg8 43. Qg6 Qh7 44. Qf7 Rd4 45. Rc8 Rd8 46. Rxd8 Rxd8 47. Rxf6 gxf6 48. Qxf6+ Qg7 49. Qxd8 a4 50. Nc2 Qe7 51. Qa5 a3 52. Nxa3 Qxa3 53. Qxe5+ Bg7 54. Qb8+ Qf8 55. Qxf8+ Bxf8 56. g4 Be7 57. Kg3 1-0

[Event "FICGS W-ch st1 g13 email"]
[Site "FICGS email"]
[Date "2008.01.08"]
[Round "1"]
[White "Wu, Sheng"]
[Black "Wilson, Norman"]
[Result "0-1"]
[WhiteElo "1714"]
[BlackElo "1576"]
[PlyCount "118"]
[EventDate "2008.??.??"]
[EventType "tourn (corr)"]
[EventRounds "8"]
[SourceTitle "Corr 2022"]
[Source "ChessBase"]
[SourceDate "2021.10.24"]
[SourceVersion "1"]
[SourceVersionDate "2021.10.24"]
[SourceQuality "1"]

1. d4 Nf6 2. c4 e6 3. Nf3 d5 4. Nc3 Nbd7 5. Bg5 Be7 6. e3 0-0 7. Qc2 c6 8. Rd1 h6 9. Bh4 b6 10. cxd5 cxd5 11. Bd3 Bb7 12. 0-0 Rc8 13. Rc1 Ne4 14. Bxe7 Qxe7 15. Qa4 a6 16. Rfd1 Qd6 17. Nd2 b5 18. Qa5 Nxc3 19. bxc3 Nb6 20. Rc2 Rfe8 21. Nb3 Na4 22. Qb4 Qe7 23. Rdc1 Rc7 24. Na5 Qd7 25. Rd2 g6 26. Rdc2 Qe7 27. f4 Kg7 28. Kf2 Ba8 29. Qxe7 Rcxe7 30. g4 f6 31. h4 e5 32. h5 e4 33. Be2 g5 34. f5 Rc7 35. Ke1 Kf8 36. Kd2 Rec8 37. Bd1 Bc6 38. Rb1 Bd7 39. Rb3 Kf7 40. Rb1 Nxc3 41. Rbc1 b4 42. Rb2 Nxd1 43. Rxc7 Rxc7 44. Kxd1 Rc3 45. Rxb4 Rd3+ 46. Kc2 Rxe3 47. Rb7 Ke8 48. Nb3 Re2+ 49. Kc3 Rxa2 50. Nc5 Bb5 51. Rb8+ Ke7 52. Rb7+ Kd8 53. Rf7 Be2 54. Rxf6 Bxg4 55. Rd6+ Kc8 56. Rc6+ Kd8 57. Rd6+ Ke7 58. Re6+ Kf7 59. Rxh6 Bxf5 0-1

[Event "FICGS class C 000068 email"]
[Site "FICGS email"]
[Date "2007.12.07"]
[Round "1"]
[White "Wu, Sheng"]
[Black "Kis Kos, Laszlo"]
[Result "1-0"]
[WhiteElo "1684"]
[BlackElo "1610"]
[PlyCount "61"]
[EventDate "2007.??.??"]
[EventType "tourn (corr)"]
[EventRounds "4"]
[SourceTitle "Corr 2022"]
[Source "ChessBase"]
[SourceDate "2021.10.24"]
[SourceVersion "1"]
[SourceVersionDate "2021.10.24"]
[SourceQuality "1"]

1. d4 Nf6 2. c4 c5 3. d5 e6 4. Nc3 exd5 5. cxd5 d6 6. Nf3 g6 7. e4 Bg7 8. Be2 0-0 9. 0-0 a6 10. a4 Bg4 11. Bf4 Bxf3 12. Bxf3 Qc7 13. a5 Nbd7 14. Qc2 Rfe8 15. Ra4 Re7 16. Bg5 h6 17. Be3 Rae8 18. Re1 Ne5 19. Be2 Neg4 20. Bd2 g5 21. Nd1 Nxe4 22. Bxg4 Nc3 23. Ne3 Nxa4 24. Qxa4 Bxb2 25. Rb1 Bg7 26. Bf3 Qc8 27. Qc2 Qc7 28. Nf5 Re5 29. h3 c4 30. Nxg7 Kxg7 31. Bc3 1-0

[Event "FICGS rapid B 000060 email"]
[Site "FICGS email"]
[Date "2007.07.25"]
[Round "1"]
[White "Hacihaliloglu, Ozlem"]
[Black "Wu, Sheng"]
[Result "0-1"]
[WhiteElo "1600"]
[BlackElo "1600"]
[PlyCount "20"]
[EventDate "2007.??.??"]
[EventType "tourn (rapid)"]
[EventRounds "6"]
[SourceTitle "Corr 2022"]
[Source "ChessBase"]
[SourceDate "2021.10.24"]
[SourceVersion "1"]
[SourceVersionDate "2021.10.24"]
[SourceQuality "1"]

1. a4 Nf6 2. Ra3 e5 3. Rh3 Nc6 4. Nf3 Bc5 5. Ng5 d5 6. Nxh7 Nxh7 7. Nc3 Bxh3 8. gxh3 Ng5 9. Rg1 Nxh3 10. Rg3 Bxf2# 0-1

[Event "FICGS rapid B 000060 email"]
[Site "FICGS email"]
[Date "2007.07.25"]
[Round "1"]
[White "Varkalis, Valdas"]
[Black "Wu, Sheng"]
[Result "0-1"]
[WhiteElo "1600"]
[BlackElo "1600"]
[PlyCount "20"]
[EventDate "2007.??.??"]
[EventType "tourn (rapid)"]
[EventRounds "6"]
[SourceTitle "Corr 2022"]
[Source "ChessBase"]
[SourceDate "2021.10.24"]
[SourceVersion "1"]
[SourceVersionDate "2021.10.24"]
[SourceQuality "1"]

1. d4 Nf6 2. e3 d5 3. Nc3 g6 4. Nf3 Bg7 5. Bd3 0-0 6. Ng5 Nc6 7. b3 e5 8. dxe5 Nxe5 9. e4 Nxd3+ 10. Qxd3 dxe4 0-1

[Event "FICGS class C 000051 email"]
[Site "FICGS email"]
[Date "2007.07.22"]
[Round "1"]
[White "Kis Kos, Laszlo"]
[Black "Wu, Sheng"]
[Result "0-1"]
[WhiteElo "1610"]
[BlackElo "1600"]
[PlyCount "68"]
[EventDate "2007.??.??"]
[EventType "tourn (corr)"]
[EventRounds "4"]
[SourceTitle "Corr 2022"]
[Source "ChessBase"]
[SourceDate "2021.10.24"]
[SourceVersion "1"]
[SourceVersionDate "2021.10.24"]
[SourceQuality "1"]

1. e4 e5 2. Nf3 Nc6 3. Bc4 Bc5 4. b4 Bxb4 5. c3 Ba5 6. d4 d6 7. 0-0 Bb6 8. dxe5 dxe5 9. Qxd8+ Nxd8 10. Nxe5 Nf6 11. Bg5 Ne6 12. Bxf6 gxf6 13. Ng4 Ke7 14. Nh6 Rd8 15. Na3 Ng5 16. Rae1 Kf8 17. Kh1 f5 18. exf5 Rd6 19. f4 Ne4 20. Nxf7 Nf2+ 21. Rxf2 Bxf2 22. Nxd6 Bxe1 23. Nxc8 Rxc8 24. Nb5 Bf2 25. h3 Bb6 26. Nd4 Bxd4 27. cxd4 c6 28. d5 b5 29. Bb3 c5 30. Bc2 Rd8 31. Be4 Re8 32. Bc2 Re2 33. Bd3 Re1+ 34. Kh2 c4 0-1

[Event "FICGS class E 000055 email"]
[Site "FICGS email"]
[Date "2007.07.21"]
[Round "1"]
[White "Perevozchikov, Vjacheslav"]
[Black "Wu, Sheng"]
[Result "1-0"]
[WhiteElo "1600"]
[BlackElo "1600"]
[PlyCount "59"]
[EventDate "2007.??.??"]
[EventType "tourn (corr)"]
[EventRounds "5"]
[SourceTitle "Corr 2022"]
[Source "ChessBase"]
[SourceDate "2021.10.24"]
[SourceVersion "1"]
[SourceVersionDate "2021.10.24"]
[SourceQuality "1"]

1. Nf3 Nf6 2. c4 e6 3. Nc3 d5 4. d4 c6 5. Bg5 h6 6. Bh4 dxc4 7. e4 g5 8. Bg3 b5 9. Be2 Bb7 10. h4 g4 11. Ne5 h5 12. 0-0 Nbd7 13. Qc2 Nxe5 14. Bxe5 Bg7 15. Rad1 0-0 16. Bg3 Nh7 17. e5 f5 18. exf6 Nxf6 19. f3 Nd5 20. Nxd5 exd5 21. fxg4 Rxf1+ 22. Rxf1 Bxd4+ 23. Kh2 Qe8 24. Qf5 Bg7 25. gxh5 Bc8 26. Qg5 Qe6 27. Rf4 Kh8 28. h6 Qxh6 29. Qd8+ Kh7 30. Bd1 1-0

[Event "FICGS class E 000055 email"]
[Site "FICGS email"]
[Date "2007.07.21"]
[Round "1"]
[White "Wu, Sheng"]
[Black "Hacihaliloglu, Ozlem"]
[Result "1-0"]
[WhiteElo "1600"]
[BlackElo "1600"]
[PlyCount "61"]
[EventDate "2007.??.??"]
[EventType "tourn (corr)"]
[EventRounds "5"]
[SourceTitle "Corr 2022"]
[Source "ChessBase"]
[SourceDate "2021.10.24"]
[SourceVersion "1"]
[SourceVersionDate "2021.10.24"]
[SourceQuality "1"]

1. e4 e5 2. Nf3 d6 3. d4 exd4 4. Nxd4 c5 5. Bb5+ Nc6 6. Nxc6 bxc6 7. Bxc6+ Bd7 8. Bxa8 Qxa8 9. Nc3 Nf6 10. 0-0 a5 11. Re1 a4 12. Bf4 Ng4 13. f3 h6 14. fxg4 f6 15. Bxd6 g5 16. e5 fxe5 17. Rxe5+ Kf7 18. Qf1+ Kg6 19. Qd3+ Kg7 20. Bxf8+ Qxf8 21. Qxd7+ Kg8 22. Re8 Rh7 23. Rxf8+ Kxf8 24. Qxh7 Ke8 25. Qxh6 Kd7 26. Rd1+ Kc7 27. Qd6+ Kb7 28. Qxc5 Ka6 29. Rd6+ Kb7 30. Qc7+ Ka8 31. Rd8# 1-0

[Event "FICGS class E 000055 email"]
[Site "FICGS email"]
[Date "2007.07.21"]
[Round "1"]
[White "Wu, Sheng"]
[Black "King, Kevin"]
[Result "0-1"]
[WhiteElo "1600"]
[BlackElo "1548"]
[PlyCount "80"]
[EventDate "2007.??.??"]
[EventType "tourn (corr)"]
[EventRounds "5"]
[SourceTitle "Corr 2022"]
[Source "ChessBase"]
[SourceDate "2021.10.24"]
[SourceVersion "1"]
[SourceVersionDate "2021.10.24"]
[SourceQuality "1"]

1. e4 e5 2. Nf3 Nc6 3. Bb5 a6 4. Ba4 Nf6 5. 0-0 Be7 6. Re1 b5 7. Bb3 d6 8. c3 0-0 9. h3 Bb7 10. d4 Re8 11. Nbd2 Bf8 12. a4 h6 13. Bc2 exd4 14. cxd4 Nb4 15. Bb1 c5 16. d5 Nd7 17. Ra3 c4 18. axb5 axb5 19. Nd4 Rxa3 20. bxa3 Nd3 21. Bxd3 cxd3 22. Nxb5 Qb6 23. a4 Ba6 24. Nc4 Qc5 25. Nb2 Bxb5 26. Nxd3 Bxd3 27. Qxd3 Qa5 28. Qd1 Nc5 29. Bd2 Qxa4 30. Qxa4 Nxa4 31. f3 Nb2 32. Rc1 Nd3 33. Rc3 Ne5 34. Kf2 Ra8 35. f4 Nd7 36. Kf3 g6 37. Rc7 Ra3+ 38. Be3 Nf6 39. Ra7 Rb3 40. Ra8 Kg7 0-1

[Event "FICGS rapid B 000059 email"]
[Site "FICGS email"]
[Date "2007.07.20"]
[Round "1"]
[White "Dos Reis, Mario"]
[Black "Wu, Sheng"]
[Result "0-1"]
[WhiteElo "1600"]
[BlackElo "1600"]
[PlyCount "74"]
[EventDate "2007.??.??"]
[EventType "tourn (rapid)"]
[EventRounds "6"]
[SourceTitle "Corr 2022"]
[Source "ChessBase"]
[SourceDate "2021.10.24"]
[SourceVersion "1"]
[SourceVersionDate "2021.10.24"]
[SourceQuality "1"]

1. e4 e5 2. f4 d5 3. exd5 exf4 4. Nf3 Nf6 5. Bc4 Nxd5 6. 0-0 Be6 7. Bxd5 Qxd5 8. d4 Nc6 9. Bxf4 0-0-0 10. c3 h6 11. Nbd2 g5 12. Bg3 Bg7 13. Kh1 Qd7 14. b4 Rhe8 15. b5 Ne7 16. Qa4 Nf5 17. Be5 g4 18. Bxg7 gxf3 19. Nxf3 Nxg7 20. Ne5 Qd5 21. Qxa7 b6 22. Nc6 Qxb5 23. Nxd8 Rxd8 24. Qa8+ Kd7 25. Qf3 Qd5 26. Qd3 Ra8 27. a4 Nf5 28. c4 Qxd4 29. Qf3 Qh8 30. Rfd1+ Nd6 31. c5 bxc5 32. a5 Ra6 33. Qa3 Qe5 34. Re1 Qg5 35. Qc3 Bd5 36. Re2 Nb5 37. Qh3+ Kc6 0-1

[Event "FICGS rapid B 000059 email"]
[Site "FICGS email"]
[Date "2007.07.20"]
[Round "1"]
[White "Satskov, Vitaly"]
[Black "Wu, Sheng"]
[Result "0-1"]
[WhiteElo "1500"]
[BlackElo "1600"]
[PlyCount "26"]
[EventDate "2007.??.??"]
[EventType "tourn (rapid)"]
[EventRounds "6"]
[SourceTitle "Corr 2022"]
[Source "ChessBase"]
[SourceDate "2021.10.24"]
[SourceVersion "1"]
[SourceVersionDate "2021.10.24"]
[SourceQuality "1"]

1. g4 d5 2. Bg2 Bxg4 3. c4 c6 4. cxd5 Nf6 5. Qb3 cxd5 6. Qxb7 Nbd7 7. Nc3 e6 8. Nb5 Rc8 9. Nf3 Bc5 10. Nfd4 0-0 11. Nc6 Bxf2+ 12. Kd1 Rxc6 13. Qxc6 Qb8 0-1